000 01479cam a22003011i 4500
003 SA-RiAUC
005 20260123144156.0
008 260122s1897 ua g f000 0bara c
040 _aEG-CaDAJ
_bara
_cSA-RiAUC
_erda
082 0 4 _a239.2
090 _aم ن 239.2
_bن و و
100 1 _aنووي الجاوي، محمد بن عمر بن عربي،
_d1230-1316 هجري
_eمؤلف.
245 1 0 _aمدارج الصعود إلى اكتساء البرود :
_bشرح المولد النبوي /
_cمحمد نووي البنتني.
246 3 0 _aشرح المولد النبوي
264 1 _a[القاهرة] :
_bالمطبعة الأميرية،
_c[1897]
300 _a72 صفحة
336 _aنص
_btxt
_2rdacontent
_3كتاب
337 _aبدون وسيط
_bn
_2rdamedia
338 _aمجلد
_bnc
_2rdacarrier
600 0 7 _aمحمد (صلى الله عليه وسلم)،
_d53 قبل الهجرة-11 هجري
_2aucnm
650 7 _aالسيرة النبوية
_2aucsh
650 7 _aالمولد النبوي
_2aucsh
700 1 2 _aالبرزنجي، جعفر بن إسماعيل بن زين العابدين،
_d1250-1317 هجري
740 2 2 _aالمولد النبوي، المسمى، بالكوكب الأنور على عقد الجوهر في مولد النبي الأزهر.
740 2 2 _aالكوكب الأنور على عقد الجوهر في مولد النبي الأزهر.
942 _2ddc
_cRBOOK COPY
_n0
949 _aSA-JeALM
_d260122
_umohamedma123
_n1
999 _c14146
_d14146